Statistics for Largest European Stadiums

Click here to take the quiz!

General Stats

  • This quiz has been taken 527 times
    (459 since last reset)
  • The average score is 11 of 20

Answer Stats

CityCapacityStadium% Correct
London90,000Wembley
95%
Barcelona98,787Camp Nou
94%
Manchester75,811Old Trafford
83%
Milan80,018San Siro
78%
Munich71,137Allianz Arena
70%
Rome72,698Stadio Olimpico
69%
Berlin74,228Olympiastadion
68%
Madrid85,454Santiago Bernabéu
67%
London80,000London Olympic Stadium
61%
Athens69,618Athens Olympic Stadium
60%
Paris81,338Stade de France
57%
Munich69,250Munich Olympiastadion
56%
Kiev70,050Olimpiysky National Sports Complex
56%
Dortmund80,645Signal Iduna Park
49%
Dublin82,300Croke Park
42%
London82,000Twickenham
39%
Moscow78,360Luzhniki
35%
Cardiff74,500Millennium Stadium
23%
Edinburgh67,130Murrayfield Stadium
20%
Istanbul76,092Atatürk Olympic Stadium
7%

Score Distribution

Percentile by Number Answered

Percent of People with Each Score

Your Score History

You have not taken this quiz since the last reset